1329 1482 1592 1303 1017 1274 1875 1007 1991 1191 1478 1791 1297 1119 1253 1764 1404 1100 1013 1638 1314 1751 1417 1401 1458 1902 1454 1422 1240 1334 1264 1076 1345 1664 1582 1389 1213 1085 1899 1038 1079 1293 1633 1284 1258 1368 1717 1191 1622 1420 1157 1099 1950 2000 1672 1206 1979 1284 1215 1484 1187 1996 1296 1966 1041 1121 1195 1569 1406 1994 1607 1829 1700 1195 1682 1389 1531 1773 1571 1746 1124 1812 1089 1464 1949 1573 1658 1139 1515 1272 1014 1065 1045 1373 1577 1230 1988 1019 1422 BCNSPRNW ULIB Ver.6.0+V

เปลี่ยนเป็นภาษาไทย

Change to English
 แสดงรายละเอียดบรรณานุกรม
  กลับหน้าหลัก

Brief Record : Get Marc (ISO 2709) : E-mail record : QR code < ปิดหน้าต่าง
LEADER : 00000nam 2200000uu 4500
001    13399115244
003     ULIB
008    020711s2551 th a 000 0 tha d
020    ^a9789740468479
099    ^aนว.^bต181น
100    ^aตรี อภิรุม
245    ^aนาคี /^cตรี อภิรุม
260    ^aนนทบุรี :^bอุทยานความรู้,^c2551
300    ^a704 หน้า
945    ^p500^l0^i15031
999 ^a ทศพร เกษรทอง
รายการนี้ยังไม่มีแท็ก
คุณยังไม่ได้ล็อกอิน คุณสามารถมีกิจกรรมร่วมกับเว็บไซต์ได้ แต่ต้องล็อกอินก่อน ::
  ล็อกอิน

รายการสื่อสารสนเทศ

ลำดับที่ ประเภท เลขเรียก/บาร์โค้ด สถานที่ สถานะ
1. นวนิยาย
นวนิยาย
นว. ต181น  
  Barcode: 15031
ห้องสมุดวิทยาเขตสวรรค์ประชารักษ์
►นวนิยาย
บนชั้น
  ขอยืม

รายการใกล้เคียง
    ผู้แต่ง [ตรี อภิรุม]

BibComment


ยังไม่เคยถูกคอมเมนท์

คอมเมนท์ทรัพยากรรายการนี้
  คอมเมนท์: นาคี ตรี อภิรุม


 Copyright 2026. Bcnsprnw @Library